书目信息 |
| 题名: |
建筑模型设计与制作
|
|
| 作者: | 李映彤 , 汤留泉 主编 | |
| 分册: | ||
| 出版信息: | 北京 中国轻工业出版社 2016.8 |
|
| 页数: | 122页 | |
| 开本: | 29cm | |
| 丛书名: | ||
| 单 册: | ||
| 中图分类: | TU205 | |
| 科图分类: | ||
| 主题词: | 模型(建筑)--设计--高等教育--教材 , 模型(建筑)--制作--高等教育--教材 , 模型(建筑) | |
| 电子资源: | ||
| ISBN: | 978-7-5019-9362-8 | |
| 000 | 01138nam0 2200313 450 | |
| 001 | 0400004231 | |
| 005 | 20171026144356.25 | |
| 010 | @a978-7-5019-9362-8@dCNY42.00 | |
| 090 | @aTU2@blyt | |
| 100 | @a20171023d2016 em y0chiy ea | |
| 101 | 0 | @achi |
| 102 | @aCN@b110000 | |
| 105 | @aa z 000yy | |
| 106 | @ar | |
| 200 | 1 | @a建筑模型设计与制作@9jian zhu mo xing she ji yu zhi zuo@f李映彤,汤留泉主编 |
| 205 | @a第2版 | |
| 210 | @a北京@c中国轻工业出版社@d2016.8 | |
| 215 | @a122页@c图@d29cm@e1光盘 | |
| 300 | @a普通高等教育艺术设计类规划教材 | |
| 307 | @a附光盘:ISBN 978-7-89990-650-7 | |
| 330 | @a本书分为建筑模型设计、材料与设备、模型制作工艺、模型制作步骤、优秀作品欣赏等六章,全面介绍了现代建筑模型设计与制作的具体方法,深入分析了现代建筑模型的发展趋向,详细讲解了建筑模型的制作方法与流程。 | |
| 606 | 0 | @a模型(建筑)@x设计@x高等教育@j教材 |
| 606 | 0 | @a模型(建筑)@x制作@x高等教育@j教材 |
| 606 | 0 | @a模型(建筑) |
| 690 | @aTU205@v5 | |
| 701 | 0 | @a李映彤@9li ying tong@c(建筑设计)@4主编 |
| 701 | 0 | @a汤留泉@9tang liu quan@f(1980~)@4主编 |
| 801 | 0 | @aCN@bNLC@c20171023 |
| 905 | @b1037365-9@dTU205@f5@e1293=2 | |
| 建筑模型设计与制作/李映彤,汤留泉主编.-第2版.-北京:中国轻工业出版社,2016.8 |
| 122页:图;29cm+1光盘 |
| 普通高等教育艺术设计类规划教材 |
| ISBN 978-7-5019-9362-8:CNY42.00 |
| 本书分为建筑模型设计、材料与设备、模型制作工艺、模型制作步骤、优秀作品欣赏等六章,全面介绍了现代建筑模型设计与制作的具体方法,深入分析了现代建筑模型的发展趋向,详细讲解了建筑模型的制作方法与流程。 |
| ● |
| 相关链接 |
|
|
|
|
正题名:建筑模型设计与制作
索取号:TU205/1293=2
 
预约/预借
| 序号 | 登录号 | 条形码 | 馆藏地/架位号 | 状态 | 备注 |
| 1 | 1037365 | 210373656 | 第二样本阅览室/ [索取号:TU205/1293=2] | 在馆 | |
| 2 | 1037366 | 210373665 | 密集书库-生命科学系/ [索取号:TU205/1293=2] | 在馆 | |
| 3 | 1037367 | 210373674 | 第三借阅区/ [索取号:TU205/1293=2] | 在馆 | |
| 4 | 1037368 | 210373683 | 第三借阅区/ [索取号:TU205/1293=2] | 在馆 | |
| 5 | 1037369 | 210373692 | 第三借阅区/ [索取号:TU205/1293=2] | 在馆 |